Deutsche Sprache Kleine Enzyklopädie

Na minha lista:
Detalhes bibliográficos
Formato: Livro
Idioma:alemão
Publicado em: Leipzig Bibliographisches Institut 1983
Tags: Adicionar Tag
Sem tags, seja o primeiro a adicionar uma tag!

MARC

LEADER 00000nam a2200000 4500
001 c114695
005 20150325110616.6
041 0 |a ger 
044 |a DE 
245 1 0 |a Deutsche Sprache  |b Kleine Enzyklopädie 
264 1 |a Leipzig  |b Bibliographisches Institut  |c 1983 
300 |a 724 s.